Lược sử ngôn ngữ học; T1

Gespeichert in:
Bibliographische Detailangaben
1. Verfasser: Nguyễn Kim Thản
Format: Buch
Sprache:Undetermined
Veröffentlicht: Hà Nội ĐH và THCN 1984
Schlagworte:
Tags: Tag hinzufügen
Keine Tags, Fügen Sie den ersten Tag hinzu!
Thư viện lưu trữ: Trung tâm Học liệu Trường Đại học Cần Thơ
LEADER 00495nam a2200181Ia 4500
001 CTU_188
008 210402s9999 xx 000 0 und d
082 |a 409 
082 |b Th105 
100 |a Nguyễn Kim Thản 
245 0 |a Lược sử ngôn ngữ học; T1 
245 0 |c Nguyễn Kim Thản 
260 |a Hà Nội 
260 |b ĐH và THCN 
260 |c 1984 
650 |a linguistics 
904 |i Minh,960718 
980 |a Trung tâm Học liệu Trường Đại học Cần Thơ